Teoría general del derecho registral inmobiliario

Збережено в:
Бібліографічні деталі
Автор: Sepúlveda Larroucau, Marco Antonio (Автор)
Формат: Книга
Мова:Іспанська
Опубліковано: Santiago Metropolitana 2014
Редагування:1a. ed
Предмети:
Теги: Додати тег
Немає тегів, Будьте першим, хто поставить тег для цього запису!

MARC

LEADER 00000cam a2200000 a 4500
001 UCE5077
003 CL-VaPUC
008 141204e20140000cl |||||||||||||||||spa|d
020 |a 9789562861786 
082 0 4 |a 346.83043  |b SEP  |2 21 
100 0 |a Sepúlveda Larroucau, Marco Antonio  |e author  |9 577581 
245 1 0 |a Teoría general del derecho registral inmobiliario 
250 |a 1a. ed 
300 |a 405 p 
942 |c BK 
945 |d 20141204 15:21:00  |a dcastane 
260 |a Santiago  |b Metropolitana  |c 2014 
650 0 |a Bienes inmuebles   |9 359521 
650 7 |a COPROPIEDAD  |2 CL-VaPUC  |9 373881 
650 0 |a Copropiedad inmobiliaria   |9 413824 
650 7 |a TITULOS DE INMUEBLES  |2 CL-VaPUC  |9 469871 
583 |a last modification  |c 20141204 15:21:00  |k Rodrigo Vera 
999 |c 357900  |d 357898 
952 |0 0  |1 0  |3 erd  |4 0  |6 346_830430000000000_SEP_2014  |7 0  |8 A  |9 466043  |a BIBDER  |b BIBDER  |i 5126746  |l 10  |m 15  |o 346.83043 SEP 2014  |p 5126746  |r 2025-03-24  |s 2025-03-14  |w 2019-11-23  |y BK  |z Catalogado en:20141204  |k DER